000 00824nam a2200253Ia 4500
003 OSt
005 20220930200429.0
006 a|||||r|||| 00| 0
007 ta
008 220926b |||||||| |||| 00| 0 eng d
024 _a27939
037 _cDissertations
040 _aCRL
_cCRL
_beng
041 _2eng
_aeng
100 _aPattam Boby J
_9564906
110 _aUniversity of Delhi. Faculty of Medical Sciences. Department of Medicine
245 0 _aNormal blood pressure in Indians significance of casual, based and supplemental levels
260 _c1963
650 _aMEDICINE
700 _a Dr P Sikand Supervisor
_9524070
700 _aUniversity of Delhi. Faculty of Medical Sciences. Department of Medicine
942 _cDIS
_2CC
999 _c900581
_d900581